000 00558nam a2200193Ia 4500
003 IN-BaIIA
008 211028s9999 xx 000 0 eng d
020 _a434-94306-1
040 _cIIA Library
080 _a52(091)
_bHOG
100 _aHogben, Lancelot
_97988
245 0 _aAstronomer priest and ancient mariner
_cLancelot Hogben
260 _aLondon
_bWilliam Heinemann
_c1972
300 _a110p.
490 _aThe beginnings of science
650 _a Astronomy - History
_97989
650 _aAstronomy and astrophysics thesaurus 
_91143
942 _cBK
999 _c4547
_d4547